General Knowledge #301 - Statistics

General Stats
  • This quiz has been taken 201 times
  • The average score is 5 of 20
Answer Stats
Hint Answer % Correct
How many dots appear on a pair of dice? 42
78%
What is the only continent with land in all four hemispheres? Africa
69%
Who was the first Disney princess? Snow White
65%
In what country was supermarket chain Aldi founded? Germany
64%
What significant landmark is found in India? Taj Mahal
61%
What is the only body part that is fully grown from birth? Eyes
55%
What renounced author wrote Odysseus? Homer
40%
What country was the main host for the Women's FIFA World Cup this year? Australia
28%
What is the standard term for the script of a film? Screenplay
19%
What height is a regulation NBA basket? 10 foot
17%
What country drinks the most coffee? Finland
13%
What rodent delicacy is enjoyed in Peru? Guinea pigs
8%
What is the recommended daily sugar intake for adults? 30 grams
7%
What is Taylor Swift's middle name? Alison
7%
What was Britain's first national park that was designated in 1951? Peak District
5%
Which football academy did Peter Crouch come through? QPR
4%
What was the 8th most popular name in the US in 1881? Henry
2%
The character Wendy from Peter Pan was based on a real person, what English county did she live in? Bedfordshire
1%
What town was Catherine of Aragon imprisoned in? Ampthill
0%
Where did David Beckham grow up? Walthamstow
0%
No matching quizzes found
Score Distribution
Percent of People with Each Score
Percentile by Number Answered
Your Score History
You have not taken this quiz